000 00290nam a22001337a 4500
008 170523b xxu||||| |||| 00| 0 eng d
020 _a2900393934068
041 _aeng
080 _28TH
_a94(7/8)
100 _a16
101 _aSHH
245 _aAMERICA
_cTINDALL, G.B
942 _2udc
_cBK
999 _c13902
_d13902